| 000 | 01218nam a22001697a 4500 | ||
|---|---|---|---|
| 003 | IT-RoPau | ||
| 005 | 20220918181102.0 | ||
| 008 | 130323b xxu||||| |||| 00| 0 eng d | ||
| 040 | _cIT-RoPau | ||
| 100 |
_aVII Capitolo Generale _9495 |
||
| 245 |
_aDatos y lectura interpretativa _bVuestra parroquia es el mundo |
||
| 250 | _a1° ed | ||
| 260 |
_aRoma _bCasa Generalizia SSP _c1998 |
||
| 300 |
_a36 pp. _c21 cm |
||
| 518 | _aIndice Los datos del Cuestionario y de la lectura interpretativa 1. Lectura intrpretativa por bloques temáticos 1.1 Resultados cuantitativos (nn. 1-6) 1.2 Preguntas sobre el "lema" del VII Capítulo (nn. 7-8) 1.3 Preguntas para verificar la "apertura" a la universalidad paulina (nn. 9-16) 1.4 Preguntas sobre la "piedad paulina" (nn. 17-21) 1.5 Preguntas sobre la "misión" (nn. 22-26; 29-30) 1.6 Preguntas sobre el "apostolado" (nn. 31-40) 1.7 Preguntas sobre la "Familia Paulina" (nn. 41-42) 1.8 Preguntas sobre la "promoción vocaciónal y la formación" (nn. 27-28; 43-45) 1.9 Preguntas sobre los "laicos" (nn. 46-48) 1.10 Preguntas sobre la "pobreza" (nn. 49-50) 2. Lectura interpretativa transversal 3. Principales temas y problemas que surgen del Cuestionario | ||
| 942 |
_2ddc _cBK |
||
| 999 |
_c98274 _d98274 |
||